Buddy's playdate. (Record no. 6876)

MARC details
000 -LEADER
fixed length control field 01278cam a22003857a 4500
001 - CONTROL NUMBER
control field 6876
003 - CONTROL NUMBER IDENTIFIER
control field FISKH
005 - DATE AND TIME OF LATEST TRANSACTION
control field 20250604103101.0
008 - FIXED-LENGTH DATA ELEMENTS--GENERAL INFORMATION
fixed length control field 120717s2012 nyua j 000 1 eng d
010 ## - LIBRARY OF CONGRESS CONTROL NUMBER
LC control number 2011278470
020 ## - INTERNATIONAL STANDARD BOOK NUMBER
International Standard Book Number 9780448457659
020 ## - INTERNATIONAL STANDARD BOOK NUMBER
International Standard Book Number 9780448457659
020 ## - INTERNATIONAL STANDARD BOOK NUMBER
International Standard Book Number 0448457652
035 ## - SYSTEM CONTROL NUMBER
System control number (OCoLC)ocn731911144
040 ## - CATALOGING SOURCE
Original cataloging agency BTCTA
Language of cataloging eng
Transcribing agency BTCTA
Modifying agency eng
050 ## - LIBRARY OF CONGRESS CALL NUMBER
Classification number PZ7 .B8826
082 ## - DEWEY DECIMAL CLASSIFICATION NUMBER
Classification number 567.9
100 ## - MAIN ENTRY--PERSONAL NAME
Personal name Anonymous
245 00 - TITLE STATEMENT
Title Buddy's playdate.
260 ## - PUBLICATION, DISTRIBUTION, ETC.
Place of publication, distribution, etc. New York :
Name of publisher, distributor, etc. Grosset & Dunlap,
Date of publication, distribution, etc. 2012.
300 ## - PHYSICAL DESCRIPTION
Extent 32 unnumbered pages :
Other physical details color illustrations ;
Dimensions 21 cm
500 ## - GENERAL NOTE
General note "Based on the television series created by Craig Bartlett."
500 ## - GENERAL NOTE
General note At head of title: Jim Hensen's Dinosaur train.
505 ## - FORMATTED CONTENTS NOTE
Formatted contents note F<br/>
520 ## - SUMMARY, ETC.
Summary, etc. When Buddy makes a new friend in Annie, a fellow tyrannosaurus, his adopted sister Tiny fears he likes playing with Annie more than her, and she runs away from home.
521 8# - TARGET AUDIENCE NOTE
Target audience note 300<br/>
Source Lexile estimate <br/>
521 8# - TARGET AUDIENCE NOTE
Target audience note F<br/>
Source Raz-Plus<br/>
650 #0 - SUBJECT ADDED ENTRY--TOPICAL TERM
Topical term or geographic name entry element Dinosaurs
Form subdivision Juvenile fiction.
650 #0 - SUBJECT ADDED ENTRY--TOPICAL TERM
Topical term or geographic name entry element Friendship
Form subdivision Juvenile fiction.
650 #1 - SUBJECT ADDED ENTRY--TOPICAL TERM
Topical term or geographic name entry element Dinosaurs
Form subdivision Fiction.
650 #1 - SUBJECT ADDED ENTRY--TOPICAL TERM
Topical term or geographic name entry element Friendship
Form subdivision Fiction.
906 ## - LOCAL DATA ELEMENT F, LDF (RLIN)
a 7
b cbc
c copycat
d 2
e ncip
f 20
g y-gencatlg
942 ## - ADDED ENTRY ELEMENTS (KOHA)
Source of classification or shelving scheme Dewey Decimal Classification
Koha item type Books
Suppress in OPAC No
Holdings
Withdrawn status Lost status Source of classification or shelving scheme Damaged status Not for loan Collection Home library Current library Shelving location Date acquired Total Checkouts Full call number Barcode Date last seen Copy number Price effective from Koha item type
    Dewey Decimal Classification     Juvenile Fiction Footprints International School Library Network Toul Kork Campus Footprints International School Library Network Toul Kork Campus TK Primary Library Room(4th Floor), Bookcase 7, Shelves 57-60, Dark Green Books 06/04/2025   ANO 567.9 PZ7 .B8826 FISTK01505 06/04/2025 1 06/04/2025 Books